| 000 | 01430cam a2200421 4500 | ||
|---|---|---|---|
| 999 |
_c23497 _d23497 |
||
| 001 | vtls011590761 | ||
| 005 | 20221013130509.0 | ||
| 008 | 210624s2016 xo er 010 fdslo | ||
| 020 |
_a9788081593925 _q(viazané) |
||
| 035 | _a38B6DC92-1686-4086-A474-024EE54C7A0E | ||
| 035 | _aurn:nbn:sk:snk-am3id2q | ||
| 035 | _aurn:nbn:sk:snk-am00e3z5 | ||
| 040 |
_aTVZK _bslo _cTVZK _dSNK _erda |
||
| 041 | 0 |
_aslo _hnor |
|
| 044 |
_axo _cSK |
||
| 072 | 7 |
_a821.11 _xGermánske literatúry _2konspekt |
|
| 080 |
_a821.135-31 _22011 |
||
| 080 |
_a(0:82-312.4) _22011 |
||
| 100 | 1 |
_aBrekke, Jørgen, _d1968- _4aut _93727 |
|
| 240 | 1 | 0 |
_aNådens omkrets _lSlovensky |
| 245 | 1 | 0 |
_aV ľudskej koži _cJørgen Brekke ; z nórčiny preložila Zuzana Inczingerová |
| 246 | 1 |
_iSéria: _aInšpektor Singsaker _nPrvý diel |
|
| 250 | _aPrvé vydanie | ||
| 264 | 1 |
_a[Bratislava] _bPremedia _c2016 |
|
| 300 |
_a305 strán _c21 cm |
||
| 336 |
_atext _btxt _2rdacontent |
||
| 337 |
_abez média _bn _2rdamedia |
||
| 338 |
_azväzok _bnc _2rdacarrier |
||
| 490 | 1 |
_aLabyrint _v22. zväzok |
|
| 500 | _aObsahuje biografické údaje o autorovi na prebale publikácie | ||
| 500 | _aÚdaje o sérii prevzaté z tiráže | ||
| 500 | _aVydavateľské údaje podľa NA ISBN | ||
| 650 | 0 | 7 |
_anórske romány _2SNKPH _93728 |
| 650 | 0 | 7 |
_akriminálne romány _2SNKPH _93729 |
| 700 | 1 |
_aInczingerová, Zuzana _4trl _92536 |
|
| 958 | _aLX | ||
| 958 | _aUP | ||